Charles Péguy: De l´ écrivain socialiste au poéte mystique de "La tapisserie de Notre Dame" Un sommet de sa vie et de son oeuvre
Guardado en:
| Hovedforfatter: | |
|---|---|
| Format: | Bog |
| Sprog: | Spanish |
| Udgivet: |
San José, Costa Rica
Escuela de Lenguas Modernas, Facultad de Letras, Universidad de Costa Rica
1975
|
| Fag: | |
| Tags: |
Tilføj Tag
Ingen Tags, Vær først til at tagge denne postø!
|
MARC
| LEADER | 00000nam a2200000Ia 4500 | ||
|---|---|---|---|
| 008 | 170316s9999 xx 000 0 spa d | ||
| 040 | |a cru BVZT | ||
| 090 | |a TESIS 307 | ||
| 100 | |a Peralta Carranza, Thais | ||
| 245 | |a Charles Péguy: De l´ écrivain socialiste au poéte mystique de "La tapisserie de Notre Dame" Un sommet de sa vie et de son oeuvre |c Thais Peralta Carranza | ||
| 260 | |a San José, Costa Rica | ||
| 260 | |b Escuela de Lenguas Modernas, Facultad de Letras, Universidad de Costa Rica | ||
| 260 | |c 1975 | ||
| 300 | |a 248 páginas | ||
| 650 | |a LICENCIATURA EN LITERATURA FRANCESA | ||
| 650 | |a TRABAJO FINAL DE GRADUACIÓN | ||
| 942 | |2 z |c TFG | ||
| 999 | |c 29296 |d 29296 | ||
